The commonwealth of man ; an inquiry into power politics and world government.

Bibliographic Details
Main Author: Schuman, Frederick L. (Frederick Lewis), 1904-1981
Format: Book
Language:English
Published: New York : Knopf, 1952.
Edition:[1st ed.].
Subjects:

MARC

Tag First Indicator Second Indicator Subfields
LEADER 00000cam a2200000 4500
001 in00000069069
005 20151008051357.0
008 730531s1952 nyu b 00000 eng u
010 |a  52006424  
035 |a (OCoLC)00634285 
035 |9 AAG7497AM 
040 |c KSU  |d TXA  |d UtOrBLW 
049 |a TXAM  |c 1 [215006]  
050 0 0 |a JX1938  |b .S35 
092 |a 341.1  |b S392c 
100 1 |a Schuman, Frederick L.  |q (Frederick Lewis),  |d 1904-1981. 
245 1 4 |a The commonwealth of man ;  |b an inquiry into power politics and world government. 
250 |a [1st ed.]. 
264 1 |a New York :  |b Knopf,  |c 1952. 
300 |a xvi, 494, xvi pages ;  |c 22 cm. 
336 |a text  |b txt  |2 rdacontent 
337 |a unmediated  |b n  |2 rdamedia 
338 |a volume  |b nc  |2 rdacarrier 
650 0 |a International organization. 
650 0 |a International relations. 
999 |a MARS 
999 f f |s 302d9594-7501-3e2a-8a62-4cad8c0511d8  |i c9e93cb0-5ee3-3a75-976b-b8afbd45e027  |t 0 
952 f f |p ric  |a Texas A&M University  |b Rellis Campus  |c Joint Library Facility  |d Remote Storage  |t 0  |e JX1938 .S35  |h Library of Congress classification  |i unmediated -- volume  |m A14800782447 
998 f f |a JX1938 .S35  |t 0  |l Remote Storage